| Tag |
First Indicator |
Second Indicator |
Subfields |
| LEADER |
00000cam a22000008a 4500 |
| 001 |
in00000078802 |
| 005 |
20151008053928.0 |
| 008 |
810406s1981 pau b 00100 eng |
| 010 |
|
|
|a 81003423
|
| 020 |
|
|
|a 081227802X
|
| 035 |
|
|
|a (OCoLC)07460114
|
| 035 |
|
|
|9 AAH9096AM
|
| 039 |
0 |
|
|a 2
|b 3
|c 3
|d 3
|e 3
|
| 040 |
|
|
|a DLC
|c DLC
|d TXA
|d UtOrBLW
|
| 043 |
|
|
|a e-uk---
|a e-uk-en
|
| 049 |
|
|
|a TXAM
|c [1195662]
|
| 050 |
0 |
0 |
|a JN515
|b .E54
|
| 082 |
0 |
|
|a 328.42/09
|2 19
|
| 245 |
0 |
4 |
|a The English parliament in the Middle Ages /
|c R.G. Davies, J.H. Denton, editors.
|
| 263 |
|
|
|a 8109
|
| 264 |
|
1 |
|a Philadelphia :
|b University of Pennsylvania Press,
|c 1981.
|
| 300 |
|
|
|a x, 214 pages ;
|c 24 cm.
|
| 336 |
|
|
|a text
|b txt
|2 rdacontent
|
| 337 |
|
|
|a unmediated
|b n
|2 rdamedia
|
| 338 |
|
|
|a volume
|b nc
|2 rdacarrier
|
| 490 |
1 |
|
|a The Middle Ages
|
| 500 |
|
|
|a Includes index.
|
| 504 |
|
|
|a Bibliography: pages [201]-205.
|
| 610 |
1 |
0 |
|a Great Britain.
|b Parliament
|x History.
|
| 650 |
|
0 |
|a Representative government and representation
|z England
|x History.
|
| 651 |
|
0 |
|a England
|x Constitutional history.
|
| 700 |
1 |
|
|a Davies, R. G.
|q (Richard Garfield),
|d 1947-
|
| 700 |
1 |
|
|a Denton, J. H.
|q (Jeffrey Howard)
|
| 830 |
|
0 |
|a Middle Ages series.
|
| 999 |
|
|
|a MARS
|
| 999 |
f |
f |
|s 2bcc6930-6688-3130-b649-61e5baff302d
|i 37cd13cb-df06-3d7f-9b8c-f23ede582d14
|t 0
|
| 952 |
f |
f |
|p ric
|a Texas A&M University
|b Rellis Campus
|c Joint Library Facility
|d Remote Storage
|t 0
|e JN515 .E54
|h Library of Congress classification
|i unmediated -- volume
|m A14806151555
|
| 998 |
f |
f |
|a JN515 .E54
|t 0
|l Remote Storage
|